<?xml version="1.0" encoding="UTF-8"?>
<record
    xmlns:xsi="http://www.w3.org/2001/XMLSchema-instance"
    xsi:schemaLocation="http://www.loc.gov/MARC21/slim http://www.loc.gov/standards/marcxml/schema/MARC21slim.xsd"
    xmlns="http://www.loc.gov/MARC21/slim">

  <leader>01612nab a22002657a 4500</leader>
  <datafield tag="999" ind1=" " ind2=" ">
    <subfield code="c">5447</subfield>
    <subfield code="d">5447</subfield>
  </datafield>
  <controlfield tag="003">OSt</controlfield>
  <controlfield tag="005">20251023093746.0</controlfield>
  <controlfield tag="008">190603e        xxum|||| |||| 00| 0 spa d</controlfield>
  <datafield tag="040" ind1=" " ind2=" ">
    <subfield code="c">PJ</subfield>
  </datafield>
  <datafield tag="100" ind1=" " ind2=" ">
    <subfield code="9">5033</subfield>
    <subfield code="a">Gonz&#xE1;lez Maga&#xF1;a, Ignacio</subfield>
  </datafield>
  <datafield tag="245" ind1="1" ind2="0">
    <subfield code="a">La responsabilidad civil  de los progenitores por los da&#xF1;os  ocasionados por sus hijos durante  la minor&#xED;a de edad /</subfield>
    <subfield code="c">Ignacio Gonz&#xE1;lez Maga&#xF1;a.</subfield>
  </datafield>
  <datafield tag="260" ind1=" " ind2=" ">
    <subfield code="c">Ciudad Aut&#xF3;noma de Buenos Aires :</subfield>
    <subfield code="a">Thomson Reuters La Ley, </subfield>
    <subfield code="b">2025.</subfield>
  </datafield>
  <datafield tag="300" ind1=" " ind2=" ">
    <subfield code="a">p. 12-25</subfield>
  </datafield>
  <datafield tag="500" ind1=" " ind2=" ">
    <subfield code="a">Cita Online: TR LALEY AR/DOC/547/2025.
</subfield>
  </datafield>
  <datafield tag="505" ind1=" " ind2=" ">
    <subfield code="a">Sumario: I. Introducci&#xF3;n.&#x2014; II. La responsabilidad civil de los progenitores en el r&#xE9;gimen derogado y el cambio de paradigma en el C&#xF3;d. Civ. y Com.&#x2014; III. An&#xE1;lisis de la ley vigente. El requisito de la cohabitaci&#xF3;n y su conjugaci&#xF3;n con la autonom&#xED;a y capacidad progresiva en NNyA.&#x2014; IV. Casos especiales.&#x2014; V. Las respuestas de la jurisprudencia durante la vigencia del r&#xE9;gimen del C&#xF3;d. Civil derogado y las respuestas dadas a la luz del C&#xF3;d. Civ. y Com.&#x2014; VI. Palabras de cierre.</subfield>
  </datafield>
  <datafield tag="505" ind1=" " ind2=" ">
    <subfield code="t">&#xBF;Te interesa el texto completo? Solicitalo al correo: koha@justierradelfuego.gov.ar
</subfield>
  </datafield>
  <datafield tag="650" ind1=" " ind2="0">
    <subfield code="9">1015</subfield>
    <subfield code="a">RESPONSABILIDAD PARENTAL</subfield>
  </datafield>
  <datafield tag="650" ind1=" " ind2="0">
    <subfield code="9">1467</subfield>
    <subfield code="a">RESPONSABILIDAD CIVIL</subfield>
  </datafield>
  <datafield tag="650" ind1=" " ind2="0">
    <subfield code="9">3674</subfield>
    <subfield code="a">RESPONSABILIDAD DE LOS PADRES</subfield>
  </datafield>
  <datafield tag="650" ind1=" " ind2="0">
    <subfield code="9">3451</subfield>
    <subfield code="a">RESPONSABILIDAD OBJETIVA</subfield>
  </datafield>
  <datafield tag="650" ind1=" " ind2="0">
    <subfield code="9">4951</subfield>
    <subfield code="a">RESPONSABILIDAD SOLIDARIA</subfield>
  </datafield>
  <datafield tag="650" ind1=" " ind2="0">
    <subfield code="9">4103</subfield>
    <subfield code="a">PROGENITOR AFIN</subfield>
  </datafield>
  <datafield tag="773" ind1="0" ind2=" ">
    <subfield code="0">2713</subfield>
    <subfield code="9">3170</subfield>
    <subfield code="d">Ciudad Aut&#xF3;noma de Buenos Aires : Thomson Reuters La Ley, 2015-</subfield>
    <subfield code="t">Revista C&#xF3;digo Civil y Comercial. N&#xBA; 2 - Abril 2025</subfield>
  </datafield>
  <datafield tag="942" ind1=" " ind2=" ">
    <subfield code="2">udc</subfield>
    <subfield code="c">ANA</subfield>
  </datafield>
</record>
